| 000 | 00926nas a2200253 i 4500 | ||
|---|---|---|---|
| 003 | CSPC | ||
| 005 | 20260427161130.0 | ||
| 008 | 260427c2017 ph ar j 00 0 eng d | ||
| 022 | _a2545-9619 | ||
| 040 |
_aCSPC _beng _cCSPC _erda |
||
| 245 | 0 | 0 | _aSorsogon state college book of abstracts 2017-2018. |
| 264 | 1 |
_aSorsogon City : _bOffice of Research, Extension and training Publication & Knowledge Management Unit, _c2017. |
|
| 300 |
_billustrations : _c28 cm. |
||
| 336 |
_2rdacontent _atext |
||
| 337 |
_2rdamedia _aunmediated |
||
| 338 |
_2rdacarrier _atext |
||
| 362 | _a2017 | ||
| 504 | _aIncludes bibliographical references | ||
| 650 | 4 |
_aAbstracts _xPeriodicals. |
|
| 650 | 4 |
_aResearch _xPeriodicals. |
|
| 650 | 4 |
_aUniversity research _xPeriodicals. |
|
| 942 |
_2ddc _n0 _cSERIALS _h001.4 _iSo698 _kSER _m2017 |
||
| 999 |
_c32413 _d32413 |
||